Добрый день, Учебное пособие
| Άλλοι συγγραφείς: | , , , |
|---|---|
| Περίληψη: | Книга находится в премиум-версии платформы «Русский как иностранный». Учебное пособие предназначено для обучения русскому языку как иностранному на начальном этапе. Содержит введение, вступительный урок, 20 основных уроков, включающих диалоги, тексты, грамматический материал и упражнения по грамматике и развитию речи, грамматические таблицы, а также ключи к упражнениям. Адресовано учащимся, говорящим на китайском языке. Гарантированный срок размещения на платформе до 01.05.2028 (автопролонгация) |
| Έκδοση: |
Екатеринбург, Уральский федеральный университет, ЭБС АСВ, 2014
|
| Έκδοση: | Добрый день |
| Θέματα: | |
| Διαθέσιμο Online: | Перейти к просмотру издания |
| Μορφή: | Ηλεκτρονική πηγή |
MARC
| LEADER | 00000 a2200000 4500 | ||
|---|---|---|---|
| 001 | RU/ROS-EDU.RU/68328 | ||
| 856 | 4 | |u https://www.ros-edu.ru/book?id=68328 |z Перейти к просмотру издания | |
| 010 | |a 978-5-7996-1187-3 | ||
| 205 | |a Добрый день |b 2028-05-01 | ||
| 333 | |a Гарантированный срок размещения на платформе до 01.05.2028 (автопролонгация) | ||
| 100 | |a 20140101d2014 |||y0rusy0250 |s 2028-05-01 | ||
| 105 | |a y z 000zy | ||
| 101 | 0 | |a rus | |
| 102 | |a RU | ||
| 200 | 1 | |a Добрый день |b Электронный ресурс |e Учебное пособие |f И. В. Родина [и др.] | |
| 701 | 1 | |b И. В. |a Родина |4 070 | |
| 701 | 1 | |b Кэ |a Янг |4 070 | |
| 701 | 1 | |b Л. В. |a Промах |4 070 | |
| 701 | 1 | |b Н. А. |a Рябцева |4 070 | |
| 330 | |a Учебное пособие предназначено для обучения русскому языку как иностранному на начальном этапе. Содержит введение, вступительный урок, 20 основных уроков, включающих диалоги, тексты, грамматический материал и упражнения по грамматике и развитию речи, грамматические таблицы, а также ключи к упражнениям. Адресовано учащимся, говорящим на китайском языке. | ||
| 210 | |a Екатеринбург |c Уральский федеральный университет, ЭБС АСВ |d 2014 | ||
| 610 | 1 | |a русский язык | |
| 610 | 1 | |a иностранный язык | |
| 610 | 1 | |a грамматический материал | |
| 610 | 1 | |a грамматическое упражнение | |
| 610 | 1 | |a развитие речи | |
| 610 | 1 | |a грамматическая таблица | |
| 610 | 1 | |a китайский язык | |
| 610 | 1 | |a русская грамматика | |
| 610 | 1 | |a русский алфавит | |
| 675 | |a 811.161 | ||
| 686 | |a 81.2 |2 rubbk | ||
| 300 | |a Книга находится в премиум-версии платформы «Русский как иностранный». | ||
| 215 | |a 210 с. | ||